Flaggen und Wappen der Welt von A-Z

Bibliographic Details
Main Author: Louda, J. (Author)
Format: Book
Language:Undetermined
PhysicalDescription:173 s.
Published: Berlin Verlag 1972

MARC

LEADER 00000nam a2200000 a 4500
001 vtls001297398
003 SK-MaSNL
005 20260301155545.0
008 240318s1972 xx 0 und
035 |a SNK000249287 
040 |a SNK  |b slo  |c SNK  |e AACR2 
100 1 |a Louda, J.  |4 aut  |9 519938 
245 1 0 |a Flaggen und Wappen der Welt von A-Z 
260 |a Berlin  |b Verlag  |c 1972 
300 |a 173 s. 
958 |a OND 
999 |c 801596  |d 803526 
952 |t P60, <04>, [BOOK], {604}  |a SNK  |b SNK  |y VYP  |7 0  |p 17A0086704  |o snkSD 40532 D1  |0 0  |1 0  |4 0  |d 1997-07-30  |l 0  |r 2005-01-02 00:00:00  |w 2026-02-24 
952 |a SNK  |b SNK  |y PREZ  |7 0  |p 17A0937136  |o snkSD 40532   |0 0  |1 0  |4 0  |d 2013-08-14  |l 0  |r 2026-02-24 02:09:46  |w 2026-02-24